书目信息 |
| 题名: |
中国哲学史大纲
|
|
| 作者: | 胡适 著 | |
| 分册: | ||
| 出版信息: | 天津 天津人民出版社 2016 |
|
| 页数: | 320页 | |
| 开本: | 21cm | |
| 丛书名: | ||
| 单 册: | ||
| 中图分类: | B21 | |
| 科图分类: | ||
| 主题词: | 古代哲学--gu dai zhe xue--哲学史--中国 | |
| 电子资源: | ||
| ISBN: | 978-7-201-10568-0 | |
| 000 | 00870nam0 22002531 450 | |
| 001 | 0124140138 | |
| 005 | 20170324140138.0 | |
| 010 | @a978-7-201-10568-0@dCNY29.80 | |
| 100 | @a20160913d2016 em y0chiy50 ea | |
| 101 | 0 | @achi |
| 102 | @aCN@b120000 | |
| 105 | @ay z 000yy | |
| 106 | @ar | |
| 200 | 1 | @a中国哲学史大纲@9zhong guo zhe xue shi da gang@f胡适著 |
| 210 | @a天津@c天津人民出版社@d2016 | |
| 215 | @a320页@d21cm | |
| 300 | @a大家写史系列 | |
| 330 | @a本书共分12篇,以人物为线索,梳理了从老子到荀子哲学思想的嬗变,并分析了中国古代哲学中绝的原因。它摆脱了旧有的思想框架,阐明了现代学术的研究方法和规范。 | |
| 500 | 10 | @a中国哲学史大纲@Azhong guo zhe xue shi da gang |
| 606 | 0 | @a古代哲学@9gu dai zhe xue@x哲学史@y中国 |
| 690 | @aB21@v5 | |
| 701 | 0 | @a胡适@9hu shi@f(1891~1962)@4著 |
| 801 | 0 | @aCN@bTANGWEI@c20170308 |
| 905 | @b0961775-7@dB21@e160@f3 | |
| 中国哲学史大纲/胡适著.-天津:天津人民出版社,2016 |
| 320页;21cm |
| 大家写史系列 |
| ISBN 978-7-201-10568-0:CNY29.80 |
| 本书共分12篇,以人物为线索,梳理了从老子到荀子哲学思想的嬗变,并分析了中国古代哲学中绝的原因。它摆脱了旧有的思想框架,阐明了现代学术的研究方法和规范。 |
| ● |
| 相关链接 |
|
|
|
|
正题名:中国哲学史大纲
索取号:B21/160
 
预约/预借
| 序号 | 登录号 | 条形码 | 馆藏地/架位号 | 状态 | 备注 |
| 1 | 0961775 | 209617752 | 第一样本阅览室/ [索取号:B21/160] | 在馆 | |
| 2 | 0961776 | 209617761 | 第一借阅区/ [索取号:B21/160] | 在馆 | |
| 3 | 0961777 | 209617770 | 第一借阅区/ [索取号:B21/160] | 在馆 |